| 000 | 00372nam a2200145Ia 4500 | ||
|---|---|---|---|
| 008 | 191201s2005 xx 000 0 und d | ||
| 082 |
_a621.381 _bPAI |
||
| 100 | _aPADAMNABHAN, T R | ||
| 245 | 0 | _aIndustrial Instrumentation: Principles and Design | |
| 250 | _a1st | ||
| 260 |
_aN.Delhi _bSpringer, India _c2005 |
||
| 300 | _a643 | ||
| 650 | _aB.Tech(ME) | ||
| 942 |
_2ddc _cBK |
||
| 999 |
_c1922 _d1922 |
||